| 000 | 01714cad a22002175a 4500 | ||
|---|---|---|---|
| 001 | E141033 | ||
| 008 | 071025e20071010stk f s000 0 eng d | ||
| 035 | _a(Sirsi) u141033 | ||
| 041 | 0 | _aeng | |
| 110 | 1 |
_aScotland _bScottish Government _95344 |
|
| 245 | 0 | 0 | _aCash for Glasgow flood defences |
| 260 | _c2007 | ||
| 490 | 0 |
_aScottish Government News Release _v10 October 2007 |
|
| 520 | _aAnnounces that Glasgow City Council is to benefit from Scottish Government funding of £18 million over four years towards the construction of the White Cart flood prevention scheme. Michael Russell, Minister for Environment, further states that instalment of the grant to meet the construction of storage reservoirs at Blackhouse, Kirkland Bridge and Kittoch Bridge in the upper catchment of the White Cart and other works to be carried out in advance of the planned construction of defences within the city. The White Cart Flood Prevention Scheme was confirmed, under the Flood Prevention (Scotland) Act 1961, by Scottish Ministers in May 2006. Construction of confirmed schemes meeting required technical, environmental and economic criteria attracts 80 per cent grant funding from the Scottish Government. The Scottish Government has made £42 million of grant funding available in 2007/08 to local authorities to support confirmed flood prevention and approved coast protection schemes. | ||
| 590 | _aKA | ||
| 650 | 2 | 4 | _aFLOOD PREVENTION (SCOTLAND) ACT 1961 |
| 651 | 4 |
_aScotland _y1999- |
|
| 690 | _aENVIRONMENTAL AND LAND CONSULTANCY-WATER RESOURCE MANAGEMENT-FLOODING | ||
| 856 | 4 | 1 |
_uhttps://www.scotland.gov.uk/News/Releases/2007/10/10104510 _zView the item free of charge at www.scotland.gov.uk... |
| 942 | _n0 | ||
| 999 |
_c79415 _d79415 |
||